Moral, juventud y sociedad permisiva: invitación a una vida más evangélica.
Збережено в:
| Автор: | |
|---|---|
| Формат: | Книга |
| Мова: | Іспанська |
| Опубліковано: |
Santiago, Chile
Arzobispado de Santiago
1991
|
| Предмети: | |
| Теги: |
Додати тег
Немає тегів, Будьте першим, хто поставить тег для цього запису!
|
MARC
| LEADER | 00000nam a2200000 a 4500 | ||
|---|---|---|---|
| 001 | UCO7505 | ||
| 003 | CL-VaPUC | ||
| 005 | 20240102134045.0 | ||
| 008 | 001117e19910000CL |||||||||||||||||spa|d | ||
| 999 | |c 292419 |d 292417 | ||
| 040 | |c Pontificia Universidad Católica de Valparaíso | ||
| 082 | 0 | 4 | |a 176 OVI 1991 |2 21 |
| 100 | |a Oviedo Cavada, Carlos |e autor |9 312665 | ||
| 245 | 1 | 0 | |a Moral, juventud y sociedad permisiva: invitación a una vida más evangélica. |
| 260 | 0 | 3 | |a Santiago, Chile |b Arzobispado de Santiago |c 1991 |
| 300 | |a 44 páginas. | ||
| 583 | |a last modification |c 20001117 00:00:00 |k Rodrigo Vera | ||
| 650 | 7 | |a ETICA SEXUAL |2 CL-VaPUC |9 452007 | |
| 650 | 7 | |a SEXUALIDAD HUMANA |2 CL-VaPUC |9 395306 | |
| 650 | 0 | |a Educación sexual |9 308005 | |
| 650 | 7 | |a CASTIDAD |2 CL-VaPUC |9 330854 | |
| 650 | 0 | |a Aborto |9 256680 | |
| 650 | 0 | |a Divorcio |9 256204 | |
| 650 | 0 | |a Formación moral |9 351605 | |
| 650 | 0 | |a Iglesia |9 255004 | |
| 942 | |c BK |2 ddc | ||
| 945 | |d 20001117 00:00:00 |a lriquelm | ||
| 952 | |0 0 |1 0 |2 ddc |4 0 |6 176_000000000000000_OVI_1991 |7 0 |8 A |9 343321 |a BIBHIS |b BIBHIS |d 2019-11-20 |i 1230085 |l 1 |o 176 OVI 1991 |p 1230085 |r 2025-01-20 |s 2022-05-06 |t 2 |w 2019-11-20 |y BK |k HIS | ||
| 952 | |0 0 |1 0 |2 ddc |4 0 |6 176_000000000000000_OVI_1991 |7 0 |8 A |9 343322 |a BIBTEO |b BIBTEO |d 2019-11-20 |i 2907356 |o 176 OVI 1991 |p 2907356 |r 2019-11-20 |t 3 |w 2019-11-20 |y BK |k ICR | ||